| 000 | 00762 a2200217 4500 | ||
|---|---|---|---|
| 001 | 60890 | ||
| 005 | 20260407155859.0 | ||
| 008 | 260407a1987 arg spa d | ||
| 003 | AR-UNSa-BCEJYS | ||
| 040 |
_aAR-UNSa-BCEJYS _bspa _cAR-UNSa-BCEJYS |
||
| 080 |
_a351.941 _xControl por tribunales civiles. Defensor del pueblo |
||
| 245 | 1 | 0 |
_aEl ombudsman _pDefensor del pueblo y de las instituciones republicanas |
| 020 | _a978-950-537-127-3 | ||
| 264 | 1 |
_aBuenos Aires : _bEdiciones Macchi _c1987 |
|
| 300 |
_a447 p. _c22 cm. |
||
| 505 | _aTítulo Primero: El Ombudsman: defensor del pueblo y de las instituciones republicanas - Título Segundo: | ||
| 041 | _aspa | ||
| 942 | _cBK | ||
| 590 | _aniveau_biblio:m niveau_hierar:0 | ||
| 100 | 1 | _aMaiorano, Jorge Luis | |
| 999 |
_c7122 _d7122 |
||